000 00202 a2200097 4500
001 8491
100 _aKosar Niazi
245 _aNaqash-e-Rahguzar
260 _a
_bJang Publisher
_c
090 _c6843
_d6843
942 _aNUST-CAE
_cM
_c33426
999 _c243564
_d243564